000 00970nam a2200229 i 4500
001 7274
003 ES-MaACL
005 20230906145211.0
008 901115s1989 sp |||| | spa d
080 _a62/69"19"
100 1 _aLópez Pelaez, Antonio.
_973872
245 1 3 _aLa sociedad tecnológica
_b: acercamiento crítico /
_cAntonio López Peláez ; en colaboración con... Valentín Palencia Alejandro, Rafael Gonzalo Molina.
260 _aMadrid :
_bDpto. de Inteligencia Artificial, [Facultad de Informatica de U.P.M.],
_c1989.
300 _a[10], 45 h. ;
_c29 cm.
504 _aBibliografía: p. 44-45.
650 4 _aInnovaciones tecnológicas-
_xAspectos sociales.
_913791
700 1 _aPalencia Alejandro, Valentín.
_988537
700 1 _aGonzalo Molina, Rafael,
_ecol.
_9195395
710 2 _aUniversidad Politécnica de Madrid.
_bFacultad de Informática.
_97444
852 _aES-MaACL
_jL-14476
_z. - Dedicatoria autógrafa del autor
999 _c7274
_d7274